Formarea statalitãţii Slovace
Formovanie slovenskej štátnosti. Historický pohľad na vytváranie hraníc od Veľkej Moravy. Slovensko ako súčasť Rakúsko-Uhorska. Vytváranie slovenkej národnosti - významný rok 1848. Prvá svetová vojna a snahy o vytvorenie Česko-slovenského štátu. Riešenie štátnych hraníc v rokoch 1918-1919. Dohoda o...
Gespeichert in:
| 1. Verfasser: | |
|---|---|
| Format: | Buchkapitel |
| Sprache: | Russisch |
| Schlagworte: | |
| Tags: |
Keine Tags, Fügen Sie das erste Tag hinzu!
|
MARC
| LEADER | 00000naa$a2200000$$$4500 | ||
|---|---|---|---|
| 001 | 0236482 | ||
| 005 | 20240502083631.6 | ||
| 041 | 0 | |a rus | |
| 044 | |a MD | ||
| 245 | 1 | 0 | |a Formarea statalitãţii Slovace |c Stanislav Mráz |
| 520 | |a Formovanie slovenskej štátnosti. Historický pohľad na vytváranie hraníc od Veľkej Moravy. Slovensko ako súčasť Rakúsko-Uhorska. Vytváranie slovenkej národnosti - významný rok 1848. Prvá svetová vojna a snahy o vytvorenie Česko-slovenského štátu. Riešenie štátnych hraníc v rokoch 1918-1919. Dohoda o spoločných štátnych hraniciach medzi Slovenskou republikou a Českou republikou podpísaná 4.1.1996. | ||
| 610 | 2 | 0 | |a štát |
| 610 | 2 | 0 | |a hranice štátne |
| 610 | 2 | 0 | |a národ |
| 610 | 2 | 0 | |a história |
| 610 | 2 | 0 | |a dejiny |
| 610 | 2 | 0 | |a zvrchovanosť |
| 610 | 2 | 0 | |a geopolitika |
| 610 | 2 | 0 | |a Slovensko |
| 100 | 1 | |a Mráz, Stanislav | |